000 00492nam a2200181Ia 4500
003 GCL
008 140319s9999 xx 000 0 ara d
040 _aGCL /
_cGCL
082 0 4 _aط
_b813.087
_bس ر
100 1 _aسانشيز
245 1 0 _aالرجال العصافير /
_cسانشيز
300 _a25 ص
490 _aسلسلة الخيال العلمى
_v0
650 0 4 _aالاطفال
650 0 4 _aقصص الاطفال
650 0 4 _aقصص المغامرات
942 _2ddc
_cBK
999 _c51461
_d51461